export_success — 

Returning (to) communities theory, culture and political practice of the communal /

Bibliographic Details
Corporate Author: ProQuest (Firm)
Other Authors: Herbrechter, Stefan., Higgins, Michael, 1967-
Format: Electronic eBook
Language:English
Published: Amsterdam ; New York : Rodopi, 2006.
Series:Critical studies (Amsterdam, Netherlands) ; v. 28.
Subjects:
Online Access:Click to View
LEADER 01453nam a2200385Ia 4500
001 EBC556859
003 MiAaPQ
005 20200520144314.0
006 m o d |
007 cr cn|||||||||
008 070925s2006 ne sb 000 0 eng d
020 |z 9042018984 
020 |z 9789042018983 
035 |a (MiAaPQ)EBC556859 
035 |a (Au-PeEL)EBL556859 
035 |a (CaPaEBR)ebr10380579 
035 |a (OCoLC)70895031 
040 |a MiAaPQ  |c MiAaPQ  |d MiAaPQ 
050 4 |a HM756  |b .R48 2006 
245 0 0 |a Returning (to) communities  |h [electronic resource] :  |b theory, culture and political practice of the communal /  |c edited by Stefan Herbrechter and Michael Higgins. 
260 |a Amsterdam ;  |a New York :  |b Rodopi,  |c 2006. 
300 |a 406 p. 
490 1 |a Critical studies ;  |v v. 28 
504 |a Includes bibliographical references. 
533 |a Electronic reproduction. Ann Arbor, MI : ProQuest, 2015. Available via World Wide Web. Access may be limited to ProQuest affiliated libraries. 
650 0 |a Communities. 
650 0 |a Community life. 
650 0 |a Community development  |x Political aspects. 
655 4 |a Electronic books. 
700 1 |a Herbrechter, Stefan. 
700 1 |a Higgins, Michael,  |d 1967- 
710 2 |a ProQuest (Firm) 
730 0 |a IngentaConnect. 
830 0 |a Critical studies (Amsterdam, Netherlands) ;  |v v. 28. 
856 4 0 |u https://ebookcentral.proquest.com/lib/matrademy/detail.action?docID=556859  |z Click to View